00315pab a2200121 454500008004000000100002000040245002200060260000900082300001200091362001200103650006300115773001500178180718b1986 xxu||||| |||| 00| 0 eng d aIyengar, B.R.L. aGandhian approach c1986 a22-3,34 a15 Mar. aGandhi, Mohandas Karamchand - Criticism and Interpretation aMainstream